Hydrology of deltas : (Record no. 136727)

MARC details
000 -LEADER
fixed length control field 00627nam a2200181 4500
010 ## - LIBRARY OF CONGRESS CONTROL NUMBER
LC control number 616790
035 ## - SYSTEM CONTROL NUMBER
System control number 616790
037 ## - SOURCE OF ACQUISITION
Source of stock number/acquisition Cen Lib / Ret
040 ## - CATALOGING SOURCE
Original cataloging agency DPL
Language of cataloging En
082 ## - DEWEY DECIMAL CLASSIFICATION NUMBER
Classification number 627
Item number BUC
245 ## - TITLE STATEMENT
Title Hydrology of deltas :
Remainder of title ; proceedings of the Bucharest symposium, 6-14 May 1969. Hydrologie des deltas; actes du colloque de Bucarest, 6-14, mai 1969. /
260 ## - PUBLICATION, DISTRIBUTION, ETC. (IMPRINT)
Place of publication, distribution, etc Paris
Name of publisher, distributor, etc IASH/AIHS Unesco
Date of publication, distribution, etc 1970
270 ## - ADDRESS
Address Place de Fontenoy, 75
City Paris
300 ## - PHYSICAL DESCRIPTION
Extent (v 2. 239-490)
Other physical details 24cm(Hb)
650 ## - SUBJECT ADDED ENTRY--TOPICAL TERM
Topical term or geographic name as entry element Deltas -- Congresses.
650 ## - SUBJECT ADDED ENTRY--TOPICAL TERM
Topical term or geographic name as entry element Sediments (Geology) -- Congresses.
942 ## - ADDED ENTRY ELEMENTS (KOHA)
Source of classification or shelving scheme Dewey Decimal Classification
Koha item type English Books
Classification part 627
Call number suffix BUC
Holdings
Withdrawn status Lost status Source of classification or shelving scheme Materials specified (bound volume or other part) Damaged status Not for loan Home library Current library Date acquired Source of acquisition Total Checkouts Full call number Barcode Date last seen Copy number Price effective from Koha item type Public note
Written off   Dewey Decimal Classification v 2     Central Library Central Library 08/03/2016 Cen Lib/Ret   627 BUC 616790 08/03/2016 1 08/03/2016 English Books W/d List 8135/5; dtd 21/2/17

© Delhi Public Library
Hit Counter
free hit counter